Jednočípové mikropočítače INTEL 8048-8096 /

Saved in:
Bibliographic Details
Main Author: Šubrt, Vladimír (Author)
Format: Book
Language:Czech
Published: Praha : Grada, 1992
Subjects:
Tags: Add Tag
No Tags, Be the first to tag this record!

MARC

LEADER 00000nam a22000003a 4500
001 stu31854
005 20150617225736.3
008 940713s1992----cs------------------cze-d
020 |a 80-85424-66-5 
040 |a STU  |b slo 
041 0 |a cze 
044 |a cs 
080 |a 681.3 
100 1 |a Šubrt, Vladimír  |4 aut 
245 1 |a Jednočípové mikropočítače INTEL 8048-8096 /  |c [aut.] Šubrt,Vladimír 
260 |a Praha :  |b Grada,  |c 1992 
300 |a 205 s 
650 7 |a Mikropočítače jednočipové  |2 stusub 
996 |b J88779  |c J*88779  |l JJK1  |s P  |a 0  |w stu31854_0002 
996 |b 284IZ00652  |c I*2C4881  |l I  |s A  |a 24  |w stu31854_0004 
996 |b J90778  |c J*90778  |l JJK1  |s P  |a 0  |w stu31854_0005 
996 |b 284J016565  |c J*89868  |l JJSK  |s A  |a 24  |w stu31854_0007